| 000 | 00521nam a2200193 a 4500 | ||
|---|---|---|---|
| 001 | BRCA_4254 | ||
| 005 | 20190320204613.0 | ||
| 008 | 150610s1961----mx-a######---#000-0#spa-# | ||
| 041 | _aspa | ||
| 044 | _amx | ||
| 050 | 4 |
_aHG4551 _b.B36 1961 |
|
| 245 | 1 | 0 |
_aLos bancos y el mercado de valores _ben 1958 y 1959. |
| 260 |
_aMéxico _bComisión Nacional de Valores _c1961 |
||
| 300 |
_a111 p. _bil. _c18 cm. |
||
| 500 | _aAM66 | ||
| 650 | 1 | 4 |
_aMercado de valores _y1958-1959 _zMéxico _910974 |
| 902 | _aGFM | ||
| 942 |
_2lcc _cB |
||
| 999 |
_c3965 _d3965 |
||